F1 Season: 2021 Race Winners - Statistics

General Stats
  • This quiz has been taken 970 times
  • The average score is 22 of 22
Answer Stats
Grand Prix Race Winner % Correct
Bahrain Lewis Hamilton
100%
Portuguese Lewis Hamilton
100%
Spanish Lewis Hamilton
100%
British Lewis Hamilton
100%
Russian Lewis Hamilton
100%
São Paulo Lewis Hamilton
100%
Qatar Lewis Hamilton
100%
Saudi Arabian Lewis Hamilton
100%
Emilia Romagna Max Verstappen
100%
Monaco Max Verstappen
100%
French Max Verstappen
100%
Styrian Max Verstappen
100%
Austrian Max Verstappen
100%
Belgian Max Verstappen
100%
Dutch Max Verstappen
100%
United States Max Verstappen
100%
Mexico City Max Verstappen
100%
Abu Dhabi Max Verstappen
100%
Azerbaijan Sergio Pérez
98%
Turkish Valtteri Bottas
96%
Italian Daniel Ricciardo
93%
Hungarian Esteban Ocon
92%
No matching quizzes found
Score Distribution
Percent of People with Each Score
Percentile by Number Answered
Your Score History
You have not taken this quiz